logo

Bir Sreshtho Munshi Abdur Rouf Library
Jhenaidah Cadet College

Art of the late Middle Ages / (Record no. 9709)

MARC details
000 -LEADER
fixed length control field 00790cam a22002771 4500
001 - CONTROL NUMBER
JCCL Control Number 9709
003 - CONTROL NUMBER IDENTIFIER
JCCL marc code BD-JhCC
005 - DATE AND TIME OF LATEST TRANSACTION
control field 20180322173832.0
008 - FIXED-LENGTH DATA ELEMENTS--GENERAL INFORMATION
fixed length control field 180322s1968 nyua b 000 0 eng
035 ## - SYSTEM CONTROL NUMBER
system control number (BD-JhCC)9709
040 ## - CATALOGING SOURCE
Original cataloging agency DLC
Transcribing agency DLC
Modifying agency DLC
-- BD-JhCC
041 1# - LANGUAGE CODE
Language code of Book engger
050 00 - LIBRARY OF CONGRESS CALL NUMBER
Classification number N5970
Item number .H5713
082 00 - DEWEY DECIMAL CLASSIFICATION NUMBER
Classification number 709/.4
Author mark and Year HOF 1968
100 1# - MAIN ENTRY--PERSONAL NAME
Personal name Hofstätter, Hans Hellmut,
Dates associated with a name 1928-
240 10 - UNIFORM TITLE
Uniform title Spätes Mittelalter.
245 10 - TITLE STATEMENT
Title Art of the late Middle Ages /
Statement of responsibility, etc by Hans H. Hofstätter.
260 ## - PUBLICATION, DISTRIBUTION, ETC. (IMPRINT)
Place of publication, distribution, etc New York :
Name of publisher, distributor, etc H. N. Abrams,
Date of publication, distribution, etc 1968.
300 ## - PHYSICAL DESCRIPTION
Pagination 264 p.
Other physical details illus. (part col.)
Dimensions 23 cm.
490 0# - SERIES STATEMENT
Series statement Panorama of world art
500 ## - GENERAL NOTE
General note Translation of Spätes Mittelalter.
504 ## - BIBLIOGRAPHY, ETC. NOTE
Bibliography, etc Bibliography: p. 253.
650 #0 - SUBJECT ADDED ENTRY--TOPICAL TERM
Topical term or geographic name as entry element Art, Medieval.
942 ## - ADDED ENTRY ELEMENTS (KOHA)
Source of classification or shelving scheme Dewey Decimal Classification
Koha item type Books
Holdings
Source of classification or shelving scheme Damaged status Not for loan Home library Current library Shelving location Date of accession Total Checkouts Full call number Barcode Date last seen Date checked out Copy number Koha item type
Dewey Decimal Classification     JCC Rouf Library JCC Rouf Library General Stacks 09/28/2024 1 709/.4 HOF 1968 12975 09/28/2024 09/28/2024 C - 1 Books

JCC Library | Contacts | JCC Home

Last Update on 23 September 2017
Copyright @ 2017-2020 JCC Rouf Library
Rouf Library, Jhenidah Cadet College (JCC), Bangladesh